=LDR 00000nam 2200000 4500 =001 INLIS000000000029071 =005 20200415094205 =035 ##$$a 0010-061300000029071 =008 200415################g##########0#ind## =041 ##$$a Ind =082 ##$$a 2x3.1 =090 ##$$a 2x3.1, Jih s =100 ##$$a Jihadudin M, Abu =245 1#$$a Saat manusia dekat dengan sang pencipta /$c Drs. Abu Jihadudin M. =260 ##$$a Surabaya :$b Putra Pelajar,$c 2003 =300 ##$$a 276 hlm. ; $c 21 x 14 cm. =650 #4$$a Iman - slam =850 ##$$a NBPNMAT =084 ##$$a 2x3.1 JIH s =250 ##$$a cet. 1 =990 ##$$a 20800151 =990 ##$$a 20800152 =990 ##$$a 20800153